[Event "N1 Reykjavik Open 2014"]
[Site "Reykjavik, Iceland"]
[Date "2014.03.09"]
[Round "7.27"]
[White "Hamitevici, Vladimir"]
[Black "Kernazhitsky, Leonid"]
[Result "1/2-1/2"]
[WhiteElo "2456"]
[BlackElo "2249"]
[EventDate "2014.03.04"]
[PlyCount "63"]

1. Nf3 d5 2. c4 c6 3. g3 Nf6 4. Bg2 Bf5 5. O-O e6 6. cxd5 cxd5 7. Qb3 Qc8 
8. d3 Nc6 9. Bf4 Be7 10. Nc3 O-O 11. h3 h6 12. g4 Bh7 13. Rac1 Qd7 14. 
Rfd1 Na5 15. Qb5 Qxb5 16. Nxb5 a6 17. Nbd4 Rfc8 18. Ne5 Bd6 19. Bh2 Ne8 
20. a3 Bxe5 21. Bxe5 Kf8 22. Bg3 Ke7 23. e4 dxe4 24. b4 Rxc1 25. Rxc1 Rd8 
26. dxe4 Rxd4 27. bxa5 Bxe4 28. Bxe4 Rxe4 29. Rb1 Ra4 30. Rxb7+ Kf6 31. 
Rb8 Ke7 32. Rb7+ 1/2-1/2

[Event "N1 Reykjavik Open 2014"]
[Site "Reykjavik, Iceland"]
[Date "2014.03.09"]
[Round "7.28"]
[White "Barthel, Ansgar"]
[Black "Karavade, Eesha"]
[Result "0-1"]
[WhiteElo "2229"]
[BlackElo "2408"]
[EventDate "2014.03.04"]
[PlyCount "0"]

1. e4 c5 2. Nf3 d6 3. d4 cxd4 4. Nxd4 Nf6 5. Nc3 a6 6. f4 e5 7. Nf3 Nbd7 
8. a4 Be7 9. Bd3 O-O 10. O-O Nc5 11. Qe2 exf4 12. Bxf4 Bg4 13. Kh1 Rc8 14.
 a5 Re8 15. Qd2 Bh5 16. Nd4 Bg6 17. Nf5 Bxf5 18. exf5 d5 19. Be5 Ncd7 20. 
Bd4 Bc5 21. Bxc5 Nxc5 22. Na4 Nxd3 23. cxd3 Qd6 24. Nb6 Rc6 25. Rae1 Rxe1 
26. Rxe1 h6 27. h3 Qc7 28. Qe3 Rc2 29. Re2 Rxe2 30. Qxe2 Qc1+ 31. Kh2 Qf4+
32. Kg1 Qxf5 33. Qe7 Qxd3 34. Qxb7 d4 35. Qc8+ Kh7 36. Nc4 Nd5 37. Kh2 Ne3
38. Ne5 Qe4 39. Nf3 Qf4+ 0-1

[Event "N1 Reykjavik Open 2014"]
[Site "Reykjavik, Iceland"]
[Date "2014.03.09"]
[Round "7.29"]
[White "Aravindh, Chithambaram Vr"]
[Black "Johannesson, Oliver"]
[Result "1-0"]
[WhiteElo "2395"]
[BlackElo "2115"]
[EventDate "2014.03.04"]
[PlyCount "73"]

1. e4 e6 2. d4 d5 3. Nc3 Bb4 4. e5 c5 5. a3 Bxc3+ 6. bxc3 Ne7 7. h4 Bd7 8.
 h5 h6 9. Nf3 Ba4 10. dxc5 Nd7 11. Rh4 Bc6 12. Rg4 Qc7 13. Rxg7 Nxe5 14. 
Bf4 Nd3+ 15. Qxd3 Qxf4 16. Qd4 Qxd4 17. cxd4 Nf5 18. Rg4 O-O-O 19. Rf4 Rh7
20. Bd3 Rg7 21. g3 Ne7 22. Kd2 Rf8 23. Re1 Bd7 24. Ne5 Be8 25. Ng6 Nxg6 
26. hxg6 Kd7 27. Bb5+ Ke7 28. Bxe8 Rxe8 29. Rb1 Rb8 30. gxf7 Rxf7 31. 
Rxf7+ Kxf7 32. a4 Ke7 33. a5 a6 34. c6 Kd6 35. cxb7 Kc7 36. Rb6 Rxb7 37. 
Rxe6 1-0

[Event "N1 Reykjavik Open 2014"]
[Site "Reykjavik, Iceland"]
[Date "2014.03.09"]
[Round "7.30"]
[White "Soors, Stef"]
[Black "Schaefer, Reyk"]
[Result "1-0"]
[WhiteElo "2394"]
[BlackElo "2102"]
[EventDate "2014.03.04"]
[PlyCount "91"]

1. e4 e5 2. Nf3 d6 3. d4 exd4 4. Nxd4 Nf6 5. Nc3 Be7 6. g3 d5 7. e5 Ne4 8.
 Nxe4 dxe4 9. Bg2 Qd5 10. Bf4 Nc6 11. Nxc6 Qxc6 12. O-O Bf5 13. Qe2 g5 14.
 Bd2 O-O-O 15. Bc3 f6 16. Rae1 fxe5 17. Bxe4 Bxe4 18. Qxe4 Qxe4 19. Rxe4 
Bc5 20. Rxe5 Bd4 21. Bxd4 Rxd4 22. Rfe1 Rd2 23. R1e2 Rhd8 24. h3 R8d5 25. 
Kf1 b6 26. Rxd5 Rxd5 27. Kg2 Kd7 28. Re3 Rc5 29. Rc3 Rb5 30. b3 Ra5 31. 
Kf3 Rxa2 32. Kg4 Ra5 33. Kh5 Rf5 34. f3 a5 35. Kh6 b5 36. Kxh7 a4 37. Kg6 
Rd5 38. bxa4 bxa4 39. Kf6 Ra5 40. Ra3 Kc6 41. f4 gxf4 42. gxf4 Kd5 43. f5 
Ra6+ 44. Kg5 Ke5 45. Re3+ Kd4 46. Re1 1-0

[Event "N1 Reykjavik Open 2014"]
[Site "Reykjavik, Iceland"]
[Date "2014.03.09"]
[Round "7.31"]
[White "Bjerke, Richard"]
[Black "Gledura, Benjamin"]
[Result "1-0"]
[WhiteElo "2162"]
[BlackElo "2385"]
[EventDate "2014.03.04"]
[PlyCount "0"]

1. e4 c5 2. Nf3 Nc6 3. d4 cxd4 4. Nxd4 Qc7 5. Nc3 e6 6. Be2 a6 7. O-O Nf6 
8. Be3 Bb4 9. Na4 Rb8 10. c4 Be7 11. Nc3 Bb4 12. Na4 Be7 13. Nc3 d6 14. 
Rc1 Bd7 15. f4 O-O 16. Kh1 Rbc8 17. Nb3 Rfd8 18. Qe1 Qb8 19. Bb6 Re8 20. 
Qf2 Bf8 21. g4 d5 22. e5 dxc4 23. Nc5 Nxe5 24. fxe5 Bc6+ 25. Kg1 Qxe5 26. 
Rce1 Qg5 27. h4 Qg6 28. Qf4 e5 29. Qg5 Qxg5 30. hxg5 Nd5 31. Nxd5 Bxd5 32.
 Na4 Re6 33. Be3 b5 34. Nb6 Bc5 35. Nxd5 1-0

[Event "N1 Reykjavik Open 2014"]
[Site "Reykjavik, Iceland"]
[Date "2014.03.09"]
[Round "7.32"]
[White "Arngrimsson, Dagur"]
[Black "Ragnarsson, Dagur"]
[Result "1-0"]
[WhiteElo "2382"]
[BlackElo "2105"]
[EventDate "2014.03.04"]
[PlyCount "0"]

1. d4 d5 2. c4 e6 3. Nc3 c5 4. cxd5 exd5 5. Nf3 Nc6 6. g3 Nf6 7. Bg2 Be7 
8. O-O O-O 9. dxc5 Bxc5 10. Na4 Be7 11. Be3 Bg4 12. h3 Bf5 13. Rc1 Qd7 14.
 Kh2 Rfe8 15. Nd4 Bd6 16. Nc5 Bxc5 17. Rxc5 Rad8 18. Nxc6 bxc6 19. Qa4 Be4
20. Bxe4 Nxe4 21. Rxc6 Qf5 22. Qc2 Nxg3 23. Qxf5 Nxf5 24. Bxa7 Rxe2 25. 
Bb6 Rde8 26. a4 d4 27. b4 h5 28. Rcc1 Ra2 29. Ra1 Rb2 30. Rab1 Ra2 31. Ra1
Rb2 32. Rab1 Ra2 33. a5 Ree2 34. Kg1 Ng3 35. Bxd4 Nxf1 36. Kxf1 Red2 37. 
Bc5 Rdc2 38. Kg2 f6 39. Kf3 Rc4 40. Bd6 Rd2 41. Bc5 Ra2 42. Bd6 Rd2 43. 
Bh2 Rcc2 44. Bg3 g5 45. b5 h4 46. b6 hxg3 47. b7 Rxf2+ 48. Kxg3 Rg2+ 49. 
Kf3 Rgf2+ 50. Kg4 Rg2+ 51. Kf5 Rb2 52. Rxb2 Rxb2 53. a6 Kf7 54. a7 1-0

[Event "N1 Reykjavik Open 2014"]
[Site "Reykjavik, Iceland"]
[Date "2014.03.09"]
[Round "7.33"]
[White "Sigeman, Johan"]
[Black "Abrahamyan, Tatev"]
[Result "0-1"]
[WhiteElo "2123"]
[BlackElo "2376"]
[EventDate "2014.03.04"]
[PlyCount "0"]

1. c4 c5 2. Nc3 Nc6 3. g3 g6 4. Bg2 Bg7 5. Nf3 e5 6. a3 Nge7 7. b4 cxb4 8.
 axb4 Nxb4 9. Ba3 Nec6 10. Nd5 Nxd5 11. cxd5 Ne7 12. Bd6 e4 13. Ng5 f5 14.
 Rc1 Ng8 15. h4 h6 16. Nh3 Qf6 17. Bb4 a5 18. Bc3 Qf7 19. d3 Bxc3+ 20. 
Rxc3 Nf6 21. dxe4 fxe4 22. Qc1 O-O 23. Qxh6 b5 24. Ng5 Qg7 25. Qxg7+ Kxg7 
26. Nxe4 Nxe4 27. Bxe4 b4 28. Rb3 Ba6 29. h5 Bc4 30. Rb1 g5 31. h6+ Kh8 
32. Rh5 b3 33. Rxg5 Rfe8 34. f3 a4 35. Kd2 a3 36. Kc3 Rac8 37. Rxb3 Bxd5+ 
0-1

[Event "N1 Reykjavik Open 2014"]
[Site "Reykjavik, Iceland"]
[Date "2014.03.09"]
[Round "7.34"]
[White "Kjartansson, Gudmundur"]
[Black "Kazmaier, Daniel"]
[Result "1-0"]
[WhiteElo "2441"]
[BlackElo "2187"]
[EventDate "2014.03.04"]
[PlyCount "65"]

1. Nf3 f5 2. g3 Nf6 3. Bg2 d6 4. d4 e6 5. O-O Be7 6. c4 Ne4 7. Qc2 O-O 8. 
Nc3 Nxc3 9. bxc3 Nc6 10. e4 e5 11. Qe2 Bf6 12. dxe5 dxe5 13. Ba3 Be7 14. 
Rad1 Qe8 15. Bxe7 Qxe7 16. exf5 Bxf5 17. Nh4 Rae8 18. Nxf5 Rxf5 19. Qb2 
Nd8 20. Bxb7 c6 21. Bc8 Ne6 22. Bd7 Ref8 23. Bxc6 Ng5 24. Kg2 e4 25. Qe2 
Qe6 26. Bd7 Qf6 27. h4 Nf3 28. Bxf5 Qxf5 29. Qe3 Qg4 30. Rh1 Nxh4+ 31. 
Rxh4 Qxd1 32. Qxe4 h6 33. Qd5+ 1-0

[Event "N1 Reykjavik Open 2014"]
[Site "Reykjavik, Iceland"]
[Date "2014.03.09"]
[Round "7.36"]
[White "Bjornsson, Sigurbjorn"]
[Black "Thorhallsson, Gylfi"]
[Result "0-1"]
[WhiteElo "2360"]
[BlackElo "2130"]
[EventDate "2014.03.04"]
[PlyCount "94"]

1. c4 Nf6 2. g3 e6 3. Bg2 d5 4. Nf3 Be7 5. O-O Nbd7 6. b3 c5 7. cxd5 exd5 
8. d4 b6 9. Bb2 Ba6 10. Ne5 Rc8 11. Nc3 Bb7 12. Qd2 O-O 13. Nxd7 Qxd7 14. 
e3 Ne4 15. Nxe4 dxe4 16. Rfd1 Rfd8 17. Qe2 Qf5 18. dxc5 Bxc5 19. Rxd8+ 
Rxd8 20. Rd1 Rxd1+ 21. Qxd1 Qd5 22. Qg4 Bf8 23. Bf1 Qd6 24. Bd4 g6 25. h4 
Bg7 26. Bxg7 Kxg7 27. h5 f5 28. Qh4 Bd5 29. h6+ Kf7 30. g4 f4 31. Qg5 fxe3
32. Qxe3 Qf6 33. g5 Qe5 34. f4 Qb2 35. Qf2 Qc3 36. f5 Qc1 37. Qg3 gxf5 38.
 Qe5 Qxg5+ 39. Kf2 Be6 40. Be2 Qxh6 41. Qc7+ Kg6 42. Qxa7 Qf4+ 43. Ke1 
Qc1+ 44. Kf2 Qc5+ 45. Ke1 f4 46. Qb8 Qc1+ 47. Kf2 Qe3+ 0-1

[Event "N1 Reykjavik Open 2014"]
[Site "Reykjavik, Iceland"]
[Date "2014.03.09"]
[Round "7.37"]
[White "Christiansen, Johan-Sebastian"]
[Black "Antal, Tibor Kende"]
[Result "1/2-1/2"]
[WhiteElo "2209"]
[BlackElo "2325"]
[EventDate "2014.03.04"]
[PlyCount "0"]

1. c4 e6 2. g3 Nf6 3. Bg2 d5 4. Nf3 dxc4 5. Qa4+ c6 6. Qxc4 b5 7. Qc2 Bb7 
8. O-O Nbd7 9. a4 a6 10. Nc3 Be7 11. Rd1 O-O 12. d4 Qb6 13. Be3 Nd5 14. 
Bg5 N7f6 15. Nxd5 cxd5 16. Ne5 Rfc8 17. Qb3 b4 18. a5 Qd8 19. Bd2 Rab8 20.
 Bxb4 Ba8 21. Bxe7 Qxe7 22. Qd3 Rb5 23. Rdc1 Rcb8 24. Rc2 Ne8 25. Nc6 Bxc6
26. Rxc6 Qb7 27. Rac1 Rxa5 28. e4 Qxb2 29. exd5 Ra1 30. Rxa1 Qxa1+ 31. Bf1
exd5 32. Rxa6 Qe1 1/2-1/2

[Event "N1 Reykjavik Open 2014"]
[Site "Reykjavik, Iceland"]
[Date "2014.03.09"]
[Round "7.38"]
[White "Schou-Moldt, Thomas"]
[Black "Gislason, Gudmundur"]
[Result "1/2-1/2"]
[WhiteElo "2191"]
[BlackElo "2314"]
[EventDate "2014.03.04"]
[PlyCount "0"]

1. e4 c5 2. Nf3 e6 3. d4 cxd4 4. Nxd4 a6 5. Be2 Qc7 6. Be3 Nf6 7. Nc3 Bb4 
8. O-O Bxc3 9. bxc3 Nxe4 10. Bd3 Nf6 11. Bg5 Nc6 12. Re1 Ne5 13. f4 Neg4 
14. Qd2 h6 15. Bh4 Nd5 16. Nf5 g5 17. Be2 Qc5+ 18. Kh1 Nge3 19. Bf2 gxf4 
20. c4 exf5 21. cxd5 O-O 22. Bf3 b5 23. d6 Rb8 24. Rxe3 fxe3 25. Bxe3 Qe5 
26. Re1 Bb7 27. Bxh6 Qf6 28. Bxb7 Rxb7 29. Bg5 Qg7 30. Bh6 Qf6 31. Bg5 Qg7
32. Bh6 Qf6 1/2-1/2

[Event "N1 Reykjavik Open 2014"]
[Site "Reykjavik, Iceland"]
[Date "2014.03.09"]
[Round "7.39"]
[White "Kenney, Jason"]
[Black "Ekeberg, Carl Fredrik"]
[Result "0-1"]
[WhiteElo "2124"]
[BlackElo "2303"]
[EventDate "2014.03.04"]
[PlyCount "148"]

1. c4 c5 2. g3 Nc6 3. Bg2 g6 4. Nc3 Bg7 5. Nf3 e6 6. d3 Nge7 7. Bg5 h6 8. 
Bd2 O-O 9. O-O d5 10. Rb1 b6 11. Qc1 Kh7 12. a3 a5 13. Qc2 d4 14. Na4 Bd7 
15. Ra1 e5 16. Rfb1 f5 17. b4 e4 18. b5 exf3 19. bxc6 Bxc6 20. Bxf3 Bxf3 
21. exf3 Nc8 22. Qb3 Rf6 23. Re1 Ra7 24. Qb5 Re7 25. Rxe7 Qxe7 26. Re1 Re6
27. Rxe6 Qxe6 28. Kf1 g5 29. f4 g4 30. Qb3 Qc6 31. Kg1 Qf3 32. Nb2 h5 33. 
Qd1 Qc6 34. f3 Kg6 35. Kf2 Kf7 36. h3 gxh3 37. Qh1 Kg6 38. Qxh3 Qe6 39. 
Qh1 Bf6 40. Qd1 Nd6 41. Qe2 Qd7 42. a4 Nf7 43. Kg2 Nh6 44. Be1 Qc6 45. Kg1
Kf7 46. Bf2 Qd6 47. Kf1 h4 48. Kg1 hxg3 49. Bxg3 Qc6 50. Kf1 Ng8 51. Qg2 
Ne7 52. Be1 Ng6 53. Bd2 Nh4 54. Qh1 Qxf3+ 55. Qxf3 Nxf3 56. Bc1 Bh4 57. 
Ke2 Nh2 58. Nd1 Kg6 59. Nf2 Bxf2 60. Kxf2 Kh5 61. Kg3 Nf1+ 62. Kf2 Ne3 63.
 Bxe3 dxe3+ 64. Ke2 Kg4 65. Kxe3 Kg3 66. d4 cxd4+ 67. Kxd4 Kxf4 68. c5 
bxc5+ 69. Kxc5 Ke5 70. Kb5 f4 71. Kxa5 f3 72. Kb6 f2 73. a5 f1=Q 74. a6 
Kd6 0-1

[Event "N1 Reykjavik Open 2014"]
[Site "Reykjavik, Iceland"]
[Date "2014.03.09"]
[Round "7.40"]
[White "Bekker-Jensen, David"]
[Black "Berg, Runar"]
[Result "1-0"]
[WhiteElo "2299"]
[BlackElo "2117"]
[EventDate "2014.03.04"]
[PlyCount "43"]

1. d4 d5 2. c4 dxc4 3. Qa4+ c6 4. Qxc4 Nf6 5. Nf3 e6 6. Qc2 Be7 7. e4 Nbd7
8. Nc3 b6 9. Bd3 h6 10. O-O Bb7 11. Rd1 Qc8 12. Qe2 a5 13. Bf4 O-O 14. 
Rac1 Qd8 15. e5 Nd5 16. Qe4 f5 17. exf6 Rxf6 18. Qh7+ Kf7 19. Be5 Nf8 20. 
Qe4 Rf5 21. Nxd5 cxd5 22. Qg4 1-0

[Event "N1 Reykjavik Open 2014"]
[Site "Reykjavik, Iceland"]
[Date "2014.03.09"]
[Round "7.41"]
[White "Fehr, Axel"]
[Black "Khademalsharieh, Sarasadat"]
[Result "0-1"]
[WhiteElo "2101"]
[BlackElo "2294"]
[EventDate "2014.03.04"]
[PlyCount "58"]

1. e4 e5 2. Nf3 Nc6 3. Bb5 a6 4. Bxc6 dxc6 5. O-O Qd6 6. Na3 Be6 7. Qe2 f6
8. Nc4 Qd7 9. c3 c5 10. Rd1 Qf7 11. b3 b5 12. Ne3 Bd6 13. d4 cxd4 14. cxd4
exd4 15. Nxd4 Ne7 16. Nef5 Bxf5 17. exf5 O-O 18. Ne6 Rfe8 19. g4 g6 20. 
Kh1 gxf5 21. Bh6 f4 22. Ng7 Nf5 23. Nxe8 Rxe8 24. Qf3 Nxh6 25. Rd5 Kh8 26.
 Rh5 Qg6 27. Rg1 Nf7 28. Rf5 Ng5 29. Qd5 Nh3 0-1

[Event "N1 Reykjavik Open 2014"]
[Site "Reykjavik, Iceland"]
[Date "2014.03.09"]
[Round "7.42"]
[White "Wengler, Joerg"]
[Black "Vaarala, Eric"]
[Result "0-1"]
[WhiteElo "2080"]
[BlackElo "2285"]
[EventDate "2014.03.04"]
[PlyCount "0"]

1. e4 c5 2. Nc3 a6 3. f4 b5 4. g3 Bb7 5. Bg2 e6 6. d3 Nf6 7. Qe2 Nc6 8. 
Nf3 Nd4 9. Nxd4 cxd4 10. Nd1 Rc8 11. O-O Qc7 12. Bd2 Qb6 13. Rc1 Be7 14. 
Nf2 h5 15. h3 b4 16. Bf3 a5 17. g4 hxg4 18. hxg4 g5 19. e5 Nd5 20. fxg5 
Qc7 21. Qe4 Ne3 22. Qf4 Bxf3 23. Qxf3 Qxe5 24. Nh3 Bd6 25. Qxf7+ Kd8 26. 
Nf4 Qxg5 27. Bxe3 Qxg4+ 28. Ng2 Bh2+ 29. Kf2 Bg3+ 30. Kg1 Rh1+ 0-1

[Event "N1 Reykjavik Open 2014"]
[Site "Reykjavik, Iceland"]
[Date "2014.03.09"]
[Round "7.43"]
[White "Ponomarenko, Alexandr"]
[Black "Bergsson, Stefan"]
[Result "1/2-1/2"]
[WhiteElo "2274"]
[BlackElo "2099"]
[EventDate "2014.03.04"]
[PlyCount "0"]

1. e4 e5 2. Nf3 Nc6 3. Bb5 f5 4. d3 fxe4 5. dxe4 Nf6 6. Qe2 Bc5 7. Bxc6 
dxc6 8. Nxe5 Qd4 9. Nd3 Bg4 10. f3 O-O-O 11. Nxc5 Qxc5 12. Be3 Qe5 13. Nc3
Rhe8 14. Rd1 Rxd1+ 15. Nxd1 Bh5 16. Qc4 Rd8 17. Nc3 Nd5 18. Bd2 Bf7 19. 
Qc5 b6 20. Qxc6 Nb4 21. Qa8+ Kd7 22. Qxa7 Ke7 23. Qa4 c5 24. Be3 Be8 25. 
Qa7+ Rd7 26. Qxb6 Nxc2+ 27. Kf2 Nxe3 28. Kxe3 Qd4+ 29. Kf4 g5+ 30. Kg3 
Qe5+ 31. Kf2 Qd4+ 32. Kg3 Qe5+ 33. Kf2 Qd4+ 34. Kg3 1/2-1/2

[Event "N1 Reykjavik Open 2014"]
[Site "Reykjavik, Iceland"]
[Date "2014.03.09"]
[Round "7.44"]
[White "Haldorsen, Benjamin"]
[Black "Kvisvik, Brede"]
[Result "0-1"]
[WhiteElo "1994"]
[BlackElo "2257"]
[EventDate "2014.03.04"]
[PlyCount "70"]

1. e4 c5 2. Nf3 d6 3. d4 cxd4 4. Nxd4 Nf6 5. Nc3 a6 6. Be3 e5 7. Nb3 Be7 
8. f3 Be6 9. Qd2 O-O 10. O-O-O a5 11. Kb1 a4 12. Nc1 Nbd7 13. g4 Nb6 14. 
g5 Nfd7 15. Rg1 Qb8 16. h4 Rc8 17. h5 a3 18. b3 Qc7 19. Nb5 Qc6 20. c4 
Bxc4 21. Nxd6 Bxd6 22. Qxd6 Bxf1 23. Qxc6 Rxc6 24. Rgxf1 Rac8 25. Nd3 f6 
26. Nb4 Rc3 27. Bg1 Nc5 28. Rd6 Nxb3 29. axb3 Rxb3+ 30. Ka2 Rb2+ 31. Ka1 
Nc4 32. Nd3 Nxd6 33. Nxb2 axb2+ 34. Kxb2 Nc4+ 35. Ka2 Ra8+ 0-1

[Event "N1 Reykjavik Open 2014"]
[Site "Reykjavik, Iceland"]
[Date "2014.03.09"]
[Round "7.45"]
[White "Grant, Jonathan I M"]
[Black "Sverrisson, Nokkvi"]
[Result "1/2-1/2"]
[WhiteElo "2255"]
[BlackElo "2066"]
[EventDate "2014.03.04"]
[PlyCount "110"]

1. c4 e5 2. g3 Nf6 3. Bg2 d5 4. cxd5 Nxd5 5. Nc3 Nb6 6. Nf3 Nc6 7. O-O Be7
8. a3 O-O 9. b4 Be6 10. Rb1 f6 11. d3 a5 12. b5 Nd4 13. Nd2 Qc8 14. e3 Nf5
15. Qc2 a4 16. Nce4 Rd8 17. Nc4 Nxc4 18. dxc4 Qd7 19. Bb2 Qd3 20. Rfc1 
Qxc2 21. Rxc2 Rab8 22. Rbc1 b6 23. Bf1 Nd6 24. Nxd6 Bxd6 25. Rd2 Bc5 26. 
Rcd1 Rxd2 27. Rxd2 Kf7 28. Be2 Ke7 29. Kf1 Rd8 30. Ke1 c6 31. bxc6 Rxd2 
32. Kxd2 Kd6 33. Bd1 Bxc4 34. Bxa4 b5 35. Bc2 g6 36. Be4 f5 37. c7 Kxc7 
38. Bc2 Kd6 39. Kc3 f4 40. Bc1 fxe3 41. fxe3 Bf1 42. Bb3 g5 43. Bf7 e4 44.
 Kb3 Ke5 45. Bg8 h5 46. Bf7 h4 47. gxh4 gxh4 48. Be8 Kf5 49. Bd7+ Kg5 50. 
h3 Kg6 51. Bd2 Kf7 52. a4 bxa4+ 53. Kxa4 Kf6 54. Ka5 Ke5 55. Ka4 Bc4 
1/2-1/2

[Event "N1 Reykjavik Open 2014"]
[Site "Reykjavik, Iceland"]
[Date "2014.03.09"]
[Round "7.46"]
[White "Zeier, Klaus"]
[Black "Frick, Renato"]
[Result "1-0"]
[WhiteElo "2253"]
[BlackElo "2038"]
[EventDate "2014.03.04"]
[PlyCount "57"]

1. e4 c5 2. Nf3 e6 3. d3 Nc6 4. g3 Nge7 5. Bg2 g6 6. O-O Bg7 7. c3 d5 8. 
Nbd2 b6 9. Re1 O-O 10. e5 a5 11. Nf1 Ba6 12. h4 Qc7 13. Bf4 Rac8 14. N1h2 
h5 15. Qd2 Qd7 16. Bh3 Rfe8 17. g4 Kh8 18. Ng5 hxg4 19. Bxg4 Nf5 20. h5 
Nd8 21. Nhf3 Nh6 22. Bh3 gxh5 23. Rad1 Rg8 24. Nh4 Rc6 25. Qe2 Nf5 26. 
Qxh5+ Bh6 27. Kh1 Qe7 28. Nxf5 exf5 29. e6 1-0

[Event "N1 Reykjavik Open 2014"]
[Site "Reykjavik, Iceland"]
[Date "2014.03.09"]
[Round "7.47"]
[White "Djurhuus, Eivind X"]
[Black "Langer, Michael"]
[Result "1-0"]
[WhiteElo "1953"]
[BlackElo "2248"]
[EventDate "2014.03.04"]
[PlyCount "133"]

1. Nf3 c5 2. c4 Nf6 3. Nc3 e6 4. d4 cxd4 5. Nxd4 Nc6 6. g3 Qb6 7. e3 Bb4 
8. Bg2 Ne5 9. Bf1 O-O 10. Be2 d5 11. cxd5 exd5 12. O-O Bh3 13. Re1 Rac8 
14. Qb3 Qa5 15. Ndb5 Bg4 16. Bxg4 Nfxg4 17. Rd1 Rc5 18. Kg2 Rxb5 19. Nxb5 
Qxb5 20. h3 Qe2 21. hxg4 Nxg4 22. Rf1 Be1 23. Qxd5 h5 24. b3 Rc8 25. Qf3 
Qxf3+ 26. Kxf3 Bc3 27. Rb1 Nh2+ 28. Kg2 Nxf1 29. Kxf1 Bb4 30. Bb2 Rc2 31. 
a4 Bc5 32. Rc1 Rxb2 33. Rxc5 h4 34. Rb5 h3 35. Kg1 b6 36. a5 h2+ 37. Kxh2 
Rxf2+ 38. Kg1 Rf6 39. axb6 axb6 40. Kg2 Kf8 41. g4 Ke7 42. g5 Re6 43. Kf3 
g6 44. Kf4 Kd7 45. e4 Kc6 46. Re5 Kd7 47. Rb5 Rc6 48. Ke5 Kc7 49. Rd5 Re6+
50. Kf4 f6 51. gxf6 Rxf6+ 52. Ke3 Rd6 53. Rg5 Kd7 54. Kf4 Re6 55. Rd5+ Ke7
56. Rb5 Rc6 57. Re5+ Kf6 58. Rb5 Re6 59. Rd5 Ke7 60. Rb5 Rd6 61. Re5+ Kd7 
62. b4 Rf6+ 63. Kg5 Re6 64. Rd5+ Rd6 65. Rxd6+ Kxd6 66. Kf6 Kd7 67. e5 1-0

[Event "N1 Reykjavik Open 2014"]
[Site "Reykjavik, Iceland"]
[Date "2014.03.09"]
[Round "7.48"]
[White "Thorgeirsson, Jon Kristinn"]
[Black "Stigar, Petter"]
[Result "1/2-1/2"]
[WhiteElo "1883"]
[BlackElo "2237"]
[EventDate "2014.03.04"]
[PlyCount "0"]

1. e4 e5 2. Nf3 Nf6 3. Nc3 Nc6 4. d4 exd4 5. Nxd4 Bb4 6. Nxc6 bxc6 7. Bd3 
d5 8. exd5 cxd5 9. O-O O-O 10. Bg5 c6 11. Qf3 h6 12. Bxf6 Qxf6 13. Qxf6 
gxf6 14. Ne2 Bd6 15. Ng3 Rb8 16. Rab1 Be6 17. f4 Rb4 18. Nh5 f5 19. c3 Ra4
20. a3 1/2-1/2

[Event "N1 Reykjavik Open 2014"]
[Site "Reykjavik, Iceland"]
[Date "2014.03.09"]
[Round "7.49"]
[White "Teh, Eu Wen Aron"]
[Black "Farine, Jonathan"]
[Result "0-1"]
[WhiteElo "2237"]
[BlackElo "1953"]
[EventDate "2014.03.04"]
[PlyCount "102"]

1. d4 Nf6 2. c4 e5 3. dxe5 Ng4 4. Bf4 Nc6 5. Nf3 Bb4+ 6. Nbd2 Qe7 7. e3 
Ngxe5 8. Nxe5 Nxe5 9. Be2 O-O 10. O-O Ng6 11. Bg3 Bd6 12. Bxd6 Qxd6 13. 
Rc1 Qe5 14. Qb3 d6 15. Nf3 Qe7 16. Nd4 Ne5 17. Rfe1 Re8 18. h3 Nd7 19. Qa3
Nc5 20. Bf3 Qh4 21. Nb5 Ne4 22. Bxe4 Rxe4 23. Nxc7 Bxh3 24. Qxd6 Bxg2 25. 
Kxg2 Rd8 26. Qh2 Rg4+ 27. Kh1 Qf6 28. f4 Rh4 29. Rc2 Rxh2+ 30. Rxh2 Qc6+ 
31. Nd5 Qxc4 32. e4 Re8 33. Rg2 Kf8 34. Nc3 Re6 35. Rh2 Qd3 36. f5 Qf3+ 
37. Rg2 Rd6 38. Kg1 Rd3 39. Nd5 Rd1 40. Rxd1 Qxd1+ 41. Kf2 h5 42. Ke3 h4 
43. f6 g5 44. Nc3 Qc1+ 45. Rd2 Ke8 46. Ne2 Qf1 47. Nd4 Qf4+ 48. Kd3 Qxf6 
49. e5 Qf1+ 50. Ke4 Qf4+ 51. Kd3 h3 0-1

[Event "N1 Reykjavik Open 2014"]
[Site "Reykjavik, Iceland"]
[Date "2014.03.09"]
[Round "7.50"]
[White "Stefansson, Vignir Vatnar"]
[Black "Edvardsson, Kristjan"]
[Result "0-1"]
[WhiteElo "1844"]
[BlackElo "2233"]
[EventDate "2014.03.04"]
[PlyCount "0"]

1. d4 Nf6 2. c4 c5 3. d5 b5 4. cxb5 a6 5. bxa6 Bxa6 6. Nc3 d6 7. Nf3 g6 8.
 g3 Bg7 9. e4 Bxf1 10. Kxf1 Nbd7 11. Kg2 O-O 12. Re1 Ng4 13. Qc2 Qa5 14. 
Nd2 Nb6 15. f4 Rfb8 16. h3 Nf6 17. Qd3 Nfd7 18. Nc4 Qa6 19. b3 Nxc4 20. 
bxc4 Rb4 21. Bd2 Qxc4 22. Qxc4 Rxc4 23. Rac1 Bxc3 24. Rxc3 Rxc3 25. Bxc3 
Rxa2+ 26. Kf3 f6 27. Ra1 Rxa1 28. Bxa1 f5 29. g4 fxe4+ 30. Kxe4 Nf6+ 31. 
Bxf6 exf6 32. Kd3 Kg7 33. Kc4 f5 34. g5 h6 35. h4 h5 36. Kd3 Kf7 37. Kc4 
Ke7 38. Kb5 Kd7 39. Ka5 Kc7 40. Kb5 Kb7 41. Ka5 c4 0-1

[Event "N1 Reykjavik Open 2014"]
[Site "Reykjavik, Iceland"]
[Date "2014.03.09"]
[Round "7.51"]
[White "Englert, Fabian"]
[Black "Ferreira, Alex"]
[Result "1-0"]
[WhiteElo "2317"]
[BlackElo "1933"]
[EventDate "2014.03.04"]
[PlyCount "127"]

1. c4 e5 2. g3 Nc6 3. Bg2 h5 4. h3 Bc5 5. Nc3 d6 6. Ne4 Nge7 7. Nxc5 dxc5 
8. d3 Be6 9. Be3 Qd6 10. Nf3 b6 11. Ng5 O-O 12. Qd2 Rad8 13. g4 hxg4 14. 
Nxe6 Qxe6 15. hxg4 Ng6 16. O-O-O Nd4 17. Be4 Rd6 18. Bxd4 cxd4 19. f3 Rfd8
20. Bxg6 Qxg6 21. g5 a5 22. Rh4 Kf8 23. Re4 Re6 24. Kb1 Ke7 25. c5 Rd5 26.
 Rc1 Kd7 27. f4 exf4 28. cxb6 cxb6 29. Qxf4 Rxe4 30. dxe4 Rd6 31. Ka1 Ke7 
32. a3 Qe6 33. Rd1 f6 34. g6 Qb3 35. Rd3 Qc2 36. e5 Rc6 37. Qxd4 Qc1+ 38. 
Ka2 Qc4+ 39. Qxc4 Rxc4 40. exf6+ gxf6 41. Rg3 Kf8 42. g7+ Kg8 43. Rg6 Rc6 
44. e4 Re6 45. Kb3 b5 46. Rg4 Rc6 47. a4 bxa4+ 48. Kxa4 Rb6 49. Rg2 Rb4+ 
50. Kxa5 Rxe4 51. b4 Re1 52. b5 f5 53. b6 Ra1+ 54. Kb5 Rb1+ 55. Kc6 Rc1+ 
56. Kd6 Rb1 57. Kc7 Rc1+ 58. Kb8 f4 59. b7 f3 60. Ra2 Kxg7 61. Ka8 Rb1 62.
 b8=Q Rxb8+ 63. Kxb8 Kg6 64. Rf2 1-0

[Event "N1 Reykjavik Open 2014"]
[Site "Reykjavik, Iceland"]
[Date "2014.03.09"]
[Round "7.52"]
[White "Andersen, Per O"]
[Black "Dubessay, Bastien"]
[Result "0-1"]
[WhiteElo "2042"]
[BlackElo "2362"]
[EventDate "2014.03.04"]
[PlyCount "0"]

1. d4 Nf6 2. Nf3 g6 3. Nbd2 d5 4. b4 Bg7 5. e3 O-O 6. Bb2 b6 7. c4 dxc4 8.
 Nxc4 Bb7 9. Be2 Nd5 10. Qb3 Nd7 11. O-O e6 12. Rac1 Qe7 13. b5 Rfc8 14. 
Nce5 Nxe5 15. dxe5 Bf8 16. Nd4 Qb4 17. Qxb4 Bxb4 18. Nc6 Bxc6 19. bxc6 Bc5
20. Bd4 Ba3 21. Rc2 a5 22. Bb2 Nb4 23. Rd2 Bxb2 24. Rxb2 Nxc6 25. Bf3 Nxe5
26. Bxa8 Rxa8 27. Rd1 a4 28. Rc2 c5 29. Rd6 Rb8 30. Kf1 Kf8 31. Ke2 Ke7 
32. Rdd2 Nd7 33. f4 f5 34. Kd1 b5 35. Rxd7+ Kxd7 36. Rxc5 Kd6 37. Re5 b4 
38. Kc2 Rc8+ 39. Kb2 Rc5 40. Rxc5 Kxc5 41. Kc2 Kc4 0-1

[Event "N1 Reykjavik Open 2014"]
[Site "Reykjavik, Iceland"]
[Date "2014.03.09"]
[Round "7.53"]
[White "Baldvinsson, Loftur"]
[Black "Klundt, Klaus"]
[Result "1-0"]
[WhiteElo "2007"]
[BlackElo "2341"]
[EventDate "2014.03.04"]
[PlyCount "0"]

1. e4 c5 2. Nf3 Nc6 3. d4 cxd4 4. Nxd4 Qb6 5. Nb3 Nf6 6. Nc3 e6 7. Be3 Qc7
8. Nb5 Qb8 9. Bd3 a6 10. N5d4 Bd6 11. h3 Bb4+ 12. c3 Be7 13. f4 d6 14. g4 
e5 15. Nxc6 bxc6 16. f5 d5 17. Qf3 a5 18. O-O-O dxe4 19. Bxe4 Nxe4 20. 
Qxe4 O-O 21. g5 Re8 22. g6 Rf8 23. gxh7+ Kh8 24. Rdg1 Qc7 25. Rxg7 Bf6 26.
 Rg8+ Rxg8 27. hxg8=R+ Kxg8 28. Qg4+ Bg7 29. Rg1 f6 30. Bh6 Ra7 31. Qc4+ 
1-0